| 000 | 00688nam a2200241Ia 4500 | ||
|---|---|---|---|
| 003 | OSt | ||
| 005 | 20220918173919.0 | ||
| 006 | a|||||r|||| 00| 0 | ||
| 007 | ta | ||
| 008 | 220917b |||||||| |||| 00| 0 eng d | ||
| 024 | _a9,172 | ||
| 037 | _cTextual | ||
| 040 |
_aARTS _cARTS _beng |
||
| 041 |
_2eng _aeng |
||
| 082 | _aB280bW, M0 | ||
| 100 |
_aBrown Steven R _948376 |
||
| 245 | 0 |
_aPolitical subjectivity _b Applications of Q methodology in political science |
|
| 260 |
_aLondon _bYale Univ Press _c1980 |
||
| 300 |
_axi,365p Bibliography _ccm. |
||
| 650 |
_aMATHEMATICS _92141 |
||
| 942 |
_hB280bW, M0 _cTEXL _2CC |
||
| 999 |
_c150884 _d150884 |
||